| 000 | 00637nam a2200241 a 4500 | ||
|---|---|---|---|
| 001 | nice12345678 | ||
| 003 | IN_TiNIC | ||
| 005 | 20260116011926.0 | ||
| 008 | 050524s1978 lona grp 000 0 eng | ||
| 020 |
_a0193897 _c100 |
||
| 082 | 0 | 0 |
_a200.1 _bGRE |
| 100 | _aGreen, Ronald M | ||
| 245 |
_aReligious Reason _b the Pational & Moral Basis of Religious Belief. |
||
| 260 |
_aLondan _bOxford University Press _c1978 |
||
| 300 | _a303p | ||
| 500 | _aincludes index and biblioraphy | ||
| 505 | 2 | _aIndex | |
| 650 | _aReligion and Science | ||
| 700 | 1 | _aGreen, Ronald M | |
| 902 | _bSRS | ||
| 942 | _cBK | ||
| 999 |
_c4926 _d4926 |
||